| 000 | 00657cam a2200229 i 4500 | ||
|---|---|---|---|
| 001 | 2217504 | ||
| 005 | 20180814034906.0 | ||
| 008 | 751120r19751975nyua b 001 0 eng | ||
| 010 | _a 75037081 | ||
| 020 |
_a0808909347 : _c$14.50 |
||
| 040 |
_aDLC _cDLC _dDLC |
||
| 041 | _aeng | ||
| 060 | _aWG220 P858 | ||
| 080 | _a616.12043 | ||
| 082 | 0 | 0 | _a616.12043 |
| 100 | _a7 | ||
| 101 | _aKAR | ||
| 245 | 0 | 0 |
_aPostoperative congenital heart disease / _cedited by Amnon Rosenthal, Edmund H. Sonnenblick, Michael Lesch. |
| 504 | _aIncludes bibliographical references and index. | ||
| 906 |
_a7 _bcbc _corignew _d1 _eocip _f19 _gy-gencatlg |
||
| 942 |
_2ddc _cBK |
||
| 999 |
_c47071 _d47071 |
||